000 00873nam a2200265Ia 4500
003 OSt
005 20220930072724.0
006 a|||||r|||| 00| 0
007 ta
008 220926b |||||||| |||| 00| 0 eng d
024 _a24842
037 _cTheses
040 _aCRL
_cCRL
_beng
041 _2eng
_aeng
100 _aMaheshwari Priti
_9530337
110 _aUniversity of Delhi. Faculty of Medical Sciences. Department of Obstetrics and Gynaecology
245 0 _aRole of interferential therapy in treatment of stress incontinence
260 _c1998
300 _a116p.
_ap.
_ccm.
650 _aWOMEN - DISEASES
700 _a Dr Maya Sood Supervisor
_9524458
700 _aUniversity of Delhi. Faculty of Medical Sciences. Department of Obstetrics and Gynaecology
942 _cDIS
_2CC
999 _c864244
_d864244